000 02064cam a2200169 4500500
005 20260322012341.0
041 _afre
042 _adc
100 1 0 _aVinclair, Pierre
_eauthor
245 0 0 _aPenser l’effort des textes
260 _c2021.
500 _a100
520 _aLes études littéraires se sont fondées sur la Poétique d’Aristote, et ont tiré d’elle trois postulats : il y a une rationalité dans l’acte de création littéraire (l’écriture est une technè) ; celle-ci peut se transmettre pour guider l’écrivain dans la réalisation d’un bon texte (l’étude des textes est une poétique) ; un genre est défini par l’ensemble des textes qui partagent les mêmes propriétés exemplifiant ces règles (la poétique est une taxonomie). À l’inverse, Platon considère que la création littéraire n’est pas une technè, mais une empeiria, tâtonnante, aveugle, non reproductible, qui use de tous les moyens possibles pour parvenir à réaliser son effort. Déraciner les études littéraires de leur ancrage aristotélicien permettrait enfin de comprendre à quoi peut servir la littérature.
520 _aLiterary Studies was founded upon Aristotle’s Poetics, and drew from it three postulates: literary creation boasts its own brand of rationality (writing is a techné); this techné can be taught, thus aiding the writer in producing a good text (the study of texts is a poetics); a genre is defined by a set of texts with certain properties in common, which in turn exemplify rules (poetics is a taxonomy). Inversely, Plato sees literary creation not as a techné but as an empeiria that is blind, fumbling, and non-reproducible, and uses all means available to it to achieve its undertaking. The uprooting of Literary Studies from its Aristotelian ground would finally enable us to understand what literature can be used for.
786 0 _nLe Philosophoire | 55 | 1 | 2021-03-24 | p. 49-68 | 1283-7091
856 4 1 _uhttps://shs.cairn.info/revue-le-philosophoire-2021-1-page-49?lang=fr&redirect-ssocas=7080
999 _c1772009
_d1772009